[Event "Let's Play Chess!"]
[Site "http://www.queenalice.com/game.php?id=387128"]
[Date "2008.4.14"]
[Round "-"]
[White "krazyking"]
[Black "Lucky88"]
[Result "1-0"]
[WhiteElo "1500"]
[BlackElo "1100"]

1. Nc3 e6 2. a3 d6 3. Nf3 Be7 4. e4 Nf6 5. Bc4 O-O 6. O-O d5 7. exd5 exd5 8. Bb3
Bg4 9. h3 Bxf3 10. Qxf3 Bc5 11. Nxd5 Nbd7 12. d3 Ne5 13. Qd1 a5 14. d4 Bxd4 15.
c3 Bc5 16. Nxf6+ gxf6 17. Bh6 1-0

[Event "Let's Play Chess!"]
[Site "http://www.queenalice.com/game.php?id=388109"]
[Date "2008.4.15"]
[Round "-"]
[White "Lucky88"]
[Black "CampbellMarcel"]
[Result "0-1"]
[WhiteElo "1100"]
[BlackElo "1776"]

1. e4 Nc6 2. d3 d5 3. Nc3 d4 4. Nb5 a6 5. Na3 e5 6. Nf3 Bd6 7. Nc4 Bg4 8. Bg5 f6
9. Bh4 g5 10. Bg3 h5 11. h3 Bxf3 12. gxf3 Qe7 13. c3 O-O-O 14. cxd4 Nxd4 15. Rc1
Kb8 0-1

[Event "AUTO-OPEN-1094"]
[Site "http://www.queenalice.com/game.php?id=388144"]
[Date "2008.4.15"]
[Round "1"]
[White "Lucky88"]
[Black "chapichapo"]
[Result "0-1"]
[WhiteElo "1070"]
[BlackElo "1675"]

1. d4 Nf6 2. Nf3 g6 3. e3 Bg7 4. Nc3 O-O 5. Bc4 d5 6. Bb5 c6 7. Bd3 Bg4 8. h3
Bxf3 9. Qxf3 Na6 10. O-O Nb4 11. e4 dxe4 12. Bxe4 Qxd4 13. Be3 Qd8 14. Rfd1 Qc7
15. Bf4 Qb6 16. Be5 Nxe4 17. Qxe4 f5 18. Qc4+ Kh8 19. Bxg7+ Kxg7 20. Rd7 Rf7 21.
Re1 Re8 22. a3 Nxc2 23. Red1 f4 24. Na4 Ne3 25. Nxb6 Nxc4 26. Nxc4 h5 27. Ne5
Rf5 28. Nf3 g5 29. Re1 Kf6 0-1

[Event "AUTO-OPEN-1094"]
[Site "http://www.queenalice.com/game.php?id=388173"]
[Date "2008.4.15"]
[Round "1"]
[White "Lucky88"]
[Black "neijrodrigues"]
[Result "0-1"]
[WhiteElo "1100"]
[BlackElo "2054"]

1. e4 c5 2. d3 e6 3. Nc3 Nc6 4. Nf3 d6 5. Bg5 Qb6 6. Be3 Qxb2 7. Na4 Qb4+ 8. c3
Qa5 9. Bd2 Qc7 10. d4 Nf6 11. Bb5 Bd7 12. dxc5 dxc5 13. Nxc5 Bxc5 14. Bxc6 Bxc6
15. e5 Bxf3 16. Qxf3 Qxe5+ 17. Kd1 Qc7 18. Rb1 Bb6 19. Bf4 Qd7+ 20. Kc2 O-O 21.
Rhd1 Qa4+ 22. Kb2 Bc5 23. Kc1 Nd5 0-1

[Event "AUTO-OPEN-1094"]
[Site "http://www.queenalice.com/game.php?id=388174"]
[Date "2008.4.15"]
[Round "1"]
[White "neijrodrigues"]
[Black "Lucky88"]
[Result "1-0"]
[WhiteElo "2056"]
[BlackElo "1100"]

1. Nf3 d6 2. g3 e6 3. Bg2 Be7 4. d3 Bd7 5. e4 Nf6 6. O-O O-O 7. Nbd2 Nc6 8. Re1
Ne5 9. Nd4 c5 10. Ne2 Rc8 11. f4 Ng6 12. h4 h5 13. b3 Nh7 14. Nc4 Bf6 15. Rb1 d5
16. exd5 exd5 17. Bxd5 Bd4+ 18. Nxd4 cxd4 19. Bxb7 Rc7 20. Bf3 Bg4 21. Bxg4 hxg4
22. Qxg4 Rc5 23. Ba3 Rc6 24. Bxf8 1-0

[Event "AUTO-OPEN-1095"]
[Site "http://www.queenalice.com/game.php?id=388755"]
[Date "2008.4.16"]
[Round "1"]
[White "Lucky88"]
[Black "chamu"]
[Result "0-1"]
[WhiteElo "1100"]
[BlackElo "1661"]

1. d4 d5 2. Nc3 Nf6 3. e3 c6 4. Nf3 Na6 5. Bd3 Nb4 6. O-O Bg4 7. h3 Bh5 8. Qe1
Bxf3 9. gxf3 h5 10. Ne2 Nxd3 11. cxd3 g5 12. f4 g4 13. hxg4 hxg4 14. Ng3 Nd7 0-1

[Event "AUTO-OPEN-1095"]
[Site "http://www.queenalice.com/game.php?id=388756"]
[Date "2008.4.16"]
[Round "1"]
[White "chamu"]
[Black "Lucky88"]
[Result "1-0"]
[WhiteElo "1661"]
[BlackElo "1100"]

1. d4 d5 2. Nc3 Nf6 3. e3 Bg4 4. Be2 Nc6 5. Bxg4 Nxg4 6. Qxg4 Qd7 7. Qxd7+ Kxd7
8. Nxd5 e6 9. Nc3 Bb4 10. Bd2 e5 11. O-O-O exd4 12. Na4 Bd6 13. exd4 Nxd4 14.
Be3 Nf5 15. Bf4 Rae8 16. Nf3 Kc8 17. Bg3 Re4 18. Nc3 Re6 19. Ng5 Rf6 20. Nce4
Rg6 21. Nxf7 Re8 22. Nfxd6+ Nxd6 23. Nxd6+ 1-0

[Event "AUTO-OPEN-1095"]
[Site "http://www.queenalice.com/game.php?id=388757"]
[Date "2008.4.16"]
[Round "1"]
[White "Lucky88"]
[Black "DrD"]
[Result "0-1"]
[WhiteElo "1100"]
[BlackElo "1934"]

1. d4 Nf6 2. Nf3 b5 3. e3 a6 4. Nc3 Bb7 5. Ne5 d6 6. Nf3 Nbd7 7. Bd3 c5 8. dxc5
Nxc5 9. b4 Nxd3+ 10. cxd3 g6 11. O-O Bg7 12. Nd4 O-O 13. e4 Rc8 14. Nd5 Nxd5 15.
exd5 Bxd4 16. Rb1 Bxd5 17. Bh6 Bg7 18. Be3 Bxa2 19. Rc1 Rxc1 20. Bxc1 Be6 21.
Be3 Qd7 22. Qf3 Bg4 23. Qg3 Be5 24. f4 Bg7 25. h3 Be2 26. Rf2 Bxd3 0-1

[Event "AUTO-OPEN-1095"]
[Site "http://www.queenalice.com/game.php?id=388758"]
[Date "2008.4.16"]
[Round "1"]
[White "DrD"]
[Black "Lucky88"]
[Result "1-0"]
[WhiteElo "2021"]
[BlackElo "1100"]

1. e4 Nf6 2. e5 Nd5 3. c4 Nf4 4. d4 Ng6 5. Nc3 e6 6. f4 d5 7. Nf3 Nc6 8. cxd5
exd5 9. Bd3 Bb4 10. O-O O-O 11. Bc2 Bg4 12. Qd3 Bxc3 13. bxc3 Bf5 14. Qxf5 h6
15. h4 Nce7 16. Qd3 c6 17. h5 f5 18. exf6 Rxf6 19. hxg6 Nxg6 20. Ne5 Qe7 21.
Nxg6 1-0